000 00659nam a22002057a 4500
005 20240530110532.0
008 160321s2012 ua g 000 f ara d
017 _a2007/26484
_bمصر . دار الكتب المصرية
020 _a9789770922903
040 _aEG-CaGPL
082 0 4 _221
_a813.03\
_bغ ع
100 0 _aغادة عبدالعال .
245 1 0 _aعايزه اتجوز /
_cغادة عبدالعال .
250 _aط10.
260 _aالقاهرة :
_bدار الشروق ،
_c2012 .
300 _a176 ص ؛
_c20 سم .
650 0 4 _aالقصص العربية .
942 _2ddc
_cBK
999 _c62116
_d62116